• 首页
  • 本馆介绍
  • 公告通知
  • 最新文献
  • 馆藏检索
  • 电子资源
  • 读者导购
  • 参考咨询
  • 我的图书馆
  • 登录
  • 详细信息显示
  • 放入我的书架
  • 预约/预借图书
  • 作者相关作品
  • 分类相关作品
  • 丛书相关作品
  • 出版社相关作品

书目信息

  • 表格格式
  • 工作单格式
  • 卡片格式
题名:
语言、真理与逻辑
    
 
作者: 艾耶尔 著 ;尹大贻 著
分册:  
出版信息: 上海   上海译文出版社  2006
页数: 141页
开本: 21cm
丛书名: 二十世纪西方哲学译丛
单 册:
中图分类: B085 , B81-06
科图分类:
主题词: 逻辑实证主义--研究 , 逻辑实证主义 , DISPLAY逻辑
电子资源:
ISBN: 978-7-5327-3908-0
000 01122oam2 2200325 450
001 0931034609
005 20090928091104.87
010    @a978-7-5327-3908-0@dCNY16.00
100    @a20070327e20072006em y0chiy50 ea
101 1  @achi@ceng
102    @aCN@b310000
105    @ay z 000yy
106    @ar
200 1  @a语言、真理与逻辑@f(英)A. J. 艾耶尔(Alfred Jules Ayer)著@dLanguange, truth and logic@g尹大贻译@zeng@Ayu yan 、 zhen li yu luo ji
210    @a上海@c上海译文出版社@d2006@h2007重印
215    @a141页@d21cm
225 2  @a二十世纪西方哲学译丛
305    @a据伦敦维克托·戈兰茨有限公司1955年英文版译出
461  0 @1001012001033997
500 10 @a语言、真理与逻辑@Ayu yan 、 zhen li yu luo ji
510 1  @aLanguange, truth and logic@zeng
606 0  @a逻辑实证主义@x研究
606 0  @a逻辑实证主义
606 0  @aDISPLAY逻辑
690    @aB085@v4
690    @aB81-06@v4
701  0 @c(英)@a艾耶尔@c(Ayer, Alfred Jules@f1910~1989)@Aai ye er@4著
702  0 @a尹大贻@f(1925~)@4著@Ayin da yi
801  0 @aCN@b大连网信软件有限公司图书馆·11@c20090928
905    @a10447@dB81-06@eJY49
    
    语言、真理与逻辑/(英)A. J. 艾耶尔(Alfred Jules Ayer)著=Languange, truth and logic/尹大贻译.-上海:上海译文出版社,2006(2007重印 )
    141页;21cm .-(二十世纪西方哲学译丛 )
    
    
    ISBN 978-7-5327-3908-0:CNY16.00
    
●
相关链接 在E读中查询图书 在五车中查询图书 在当当中查询图书 在豆瓣中查询图书


正题名:语言、真理与逻辑     索取号:B81-06/JY49         预约/预借

序号 登录号 条形码 馆藏地/架位号 状态 备注
1 7804841   278048417   学院路分馆/ [索取号:B81-06/JY49] 在馆    
2 7804842   278048426   学院路分馆/ [索取号:B81-06/JY49] 在馆    
唐山师范学院图书馆 欢迎您!
大连网信软件有限公司© 版权所有